000 01010nac a22002291u 4500
008 100913t xxu||||| |||| 00| 0 eng d
020 _a0419179208
082 _a624.1940916336
_bENG
100 _a20080729
_918954
245 _aEngineering the Channel Tunnel /
_c Edited by Colin J. Kirkland
260 _a London :
_b E & F.N. Spon, 1995.
_c1995
300 _avi,334p. :
_b ill., maps,plans ;
_c24cm
500 _aIncludes index.
650 _aRailroad tunnels
_x Design and construction.
_z English Channel
_918955
650 _aTunnels Construction
_918956
650 _aChannel Tunnel (England and France)
_918952
650 _aUnderwater tunnels
_918953
_zEnglish Channel.
651 _aChannel Tunnel (England and France)
_918957
700 _aKirkland, C. J.
_918958
942 _cBB
_k624.1940916336 ENG
_2ddc
999 _c3806
_d3806